000 01000nam a2200253 a 4500
001 000028195
005 20240530073935.0
008 110407s1962 dr r 000 p spa d
040 _aDO-SdBNP
_bspa
_cBNPHU
082 _aRD861.44
_bC961p
245 0 0 _a4 poemas heroicos :
_bun ensayo - un discurso.
246 1 _aCuatro poemas heroicos :
_bun ensayo - un discurso
260 _aSanto Domingo :
_bEdiciones Brigadas Dominicanas,
_c1962.
300 _a73 p. ;
_c24 cm.
490 1 _aBaluarte
_v10
500 _aConcurso literario celebrado por el comité ejecutivo de la Junta Pro Glorificación de los héroes del 30 de mayo, de las Hermanas Mirabal, Luperón, Maimón, Constanza y Estero Hondo, mayo 30 de 1962.
586 _aPremios de poesía y prosa.
590 _aInventariado, 2018/ YL
650 0 _aPoesía dominicana
_966
650 0 _aEnsayos dominicanos
_965
650 0 _aLiteratura dominicana.
_967
830 0 _aBaluarte ;
_v10
_935758
910 _aValidado. Control de calidad MFF
999 _c27687
_d27687